1973 Songs - Name the Artist - Statistics

General Stats
  • This quiz has been taken 105 times
  • The average score is 19 of 40
Answer Stats
Song Artist / Band % Correct
Goodbye Yellow Brick Road Elton John
95%
Smoke On The Water Deep Purple
89%
Piano Man Billy Joel
86%
Angie Rolling Stones
84%
Live and Let Die Wings
82%
Free Bird Lynyrd Skynyrd
79%
Let's Get It On Marvin Gaye
74%
Midnight Train to Georgia Gladys Knight & The Pips
67%
Killing Me Softly With His Song Roberta Flack
67%
Stuck in the Middle with You Stealer's Wheel
64%
Radar Love Golden Earring
62%
La Grange ZZ Top
59%
Ramblin' Man Allman Brothers Band
54%
Photograph Ringo Starr
54%
Half-Breed Cher
51%
Long Train Runnin' Doobie Brothers
49%
Give Me Love (Give Me Peace On Earth) George Harrison
49%
I Got a Name Jim Croce
47%
Love Train O'Jays
47%
Loves Me Like A Rock Paul Simon
47%
Frankenstein Edgar Winter Group
42%
D'yer Mak'er Led Zeppelin
41%
Time Pink Floyd
41%
Feelin' Stronger Every Day Chicago
40%
Keep Yourself Alive Queen
40%
20th Century Boy T.Rex
39%
Delta Dawn Helen Reddy
38%
Drift Away Dobie Gray
33%
Merry Xmas Everybody Slade
33%
Stir It Up Bob Marley & The Wailers
32%
Don't You Worry 'bout a Thing Stevie Wonder
32%
Rubber Bullets 10cc
31%
Can The Can Suzi Quatro
29%
See My Baby Jive Wizzard
27%
Blockbuster Sweet
26%
Ooh La La Faces
24%
All the Way from Memphis Mott The Hoople
19%
Caroline Status Quo
19%
Karn Evil 9 Emerson, Lake & Palmer
12%
By the Devil (I Was Tempted) Blue Mink
6%
No matching quizzes found
Score Distribution
Percent of People with Each Score
Percentile by Number Answered
Your Score History
You have not taken this quiz